| 000 | 01721 a2200169 4500 | ||
|---|---|---|---|
| 003 | NUST | ||
| 005 | 20221208180352.0 | ||
| 040 | _cNust | ||
| 082 | _a297.4,ALH | ||
| 110 |
_aNicholson,A. Reynold _9104498 |
||
| 245 |
_aThe Kashf al-Maḥjúb : _bthe oldest persian treatise on sufism / _cAli B. Uthman Al-Jullabbi Alhuwiri, Translated by Reynold A. Nicholson |
||
| 260 |
_aPakistan _bIslamic Architec _c1996 |
||
| 300 | _axiv,439:p.; | ||
| 505 | _aOn The Affirmation Of Knowledge (Page-11), On Poverty (Page-19), On Sufism (Page-30), On Wearing Patched Frocks (Page-45),On Different Opinions Held Concerning Poverty And Purity (Page-58), On Blame (Page-62), Concerning Their Imams Who Belong To The Companion (Page-70), Concerning Their Imams Who Belonged To The House Of The Prophet (Page-75), Concerning The People Of The Veranda (Page-81), Concerning Their Imams Who Belong To The Followers (Page-83), Concerning Their Imams Who Lived Subsequently To The Followers Down To Our Day (Page-88), Concerning The Principal Sufis Of Recent Times (Page-161), A Brief Account Of Modern Sufis In Different Countries (Page-172), Concerning The Doctrines Held By Different Sects Of Sufis (Page-176), The Uncovering Of First Veil (Page-267), The Uncovering Of Second Veil (Page-278), The Uncovering Of Third Veil (Page-286), The Uncovering Of Fourth Veil (Page-291), The Uncovering Of Fifth Veil (Page-300), The Uncovering Of Six Veil (Page-314), The Uncovering Of Seventh Veil (Page-320), The Uncovering Of Eighth Veil (Page-326), The Uncovering Of Ninth Veil (Page-334), The Uncovering Of Tenth Veil (Page-367), The Uncovering Of Eleventh Veil (Page-393). | ||
| 650 |
_aIslam and Sufi Isem _9104499 |
||
| 942 |
_2ddc _cBK _k297.4,ALH |
||
| 999 |
_c186843 _d186843 |
||